| 000 | 01080nam a22003731i 4500 | ||
|---|---|---|---|
| 001 | v00625 | ||
| 003 | DO-SdBNP | ||
| 005 | 20171113111034.0 | ||
| 007 | v00625 | ||
| 008 | 900725s1980 sp spa | ||
| 016 | 7 |
_a _z _2BPMUS |
|
| 017 |
_a _b |
||
| 020 |
_a8402071724 _c |
||
| 035 | _a | ||
| 040 |
_aBPMSU _bspa _cBPMSU |
||
| 041 | 1 |
_aspa _h |
|
| 080 | 0 | _a | |
| 082 |
_a813.5 _bB972a |
||
| 100 | 1 |
_aBurroughs, William S. _d1914-1997 _c |
|
| 240 | 1 | 0 |
_aNaked lunch _lEspañol |
| 245 | 1 | 3 |
_aEl almuerzo desnudo / _h _cWilliam Burroughs ; traducción del inglés, Martín Lendínez |
| 260 |
_aBarcelona : _bEditorial Bruguera, _c1980 |
||
| 300 |
_a280 p.: _c20 cm |
||
| 490 | 0 |
_aClub Bruguera _v22 |
|
| 500 | _a | ||
| 650 | _aNOVELA ESTADOUNIDENSE | ||
| 650 |
_aPROBLEMAS SOCIALES _vNOVELA _zESTADOS UNIDOS |
||
| 650 | _a | ||
| 651 |
_aESTADOS UNIDOS _vNOVELA _xVIDA SOCIAL Y COSTUMBRE |
||
| 700 | 1 | _aMendínez, Martin | |
| 942 |
_2ddc _cBK |
||
| 945 | _aInventariado extrajenro / 2017 VM | ||
| 956 |
_a VMATEO _b10 _c20161026 _dBPMSU _f0069 |
||
| 999 |
_c11679 _d11679 |
||